00452nam a2200193Ia 4500008004100000020001800041100001800059245002600077245001800103260001500121260002000136260000900156300001700165300001000182650001900192650001600211650002200227700000900249160803s9999 xx 000 0 und d a9780545431293 aPaulsen, Gary aMasters of disaster / cGary Paulsen. aNew York : bScholastic Inc. c2010 a102 pages ;  c20 cm aFriendship --  aFriendship. xJuvenile fiction. a1100